Discovering statistics using IBM SPSS statistics
Gespeichert in:
| 1. Verfasser: | |
|---|---|
| Format: | Buch |
| Sprache: | Englisch |
| Veröffentlicht: |
London
SAGE
2018
|
| Ausgabe: | 5th edition |
| Schlagworte: | |
| Tags: |
Keine Tags, Fügen Sie das erste Tag hinzu!
|
MARC
| LEADER | 00000nam a2200000 4500 | ||
|---|---|---|---|
| 001 | 0237546 | ||
| 005 | 20240314075838.4 | ||
| 020 | |a 978-1-5264-1952-1 | ||
| 020 | |a 978-1-5264-1951-4 | ||
| 041 | 0 | |a eng | |
| 044 | |a GB | ||
| 245 | 1 | 0 | |a Discovering statistics using IBM SPSS statistics |c Andy Field |
| 250 | |a 5th edition | ||
| 264 | 1 | |a London |b SAGE |c 2018 | |
| 300 | |a 1070 s. | ||
| 610 | 2 | 0 | |a štatistika |
| 610 | 2 | 0 | |a veda |
| 610 | 2 | 0 | |a výskum štatistický |
| 610 | 2 | 0 | |a analýza dát |
| 610 | 2 | 0 | |a korelácia |
| 610 | 2 | 0 | |a regresia |
| 610 | 2 | 0 | |a modely lineárne |
| 610 | 2 | 0 | |a hypotézy štatistické |
| 610 | 2 | 0 | |a testy |
| 100 | 1 | |a Field, Andy | |